000 01226nam a2200385 b 4500
001 20315
003 DO-SdBNP
005 20171108133021.0
007 20315
008 050428s2005 sp | ||| ||spa
016 7 _a
_2BPMSU
017 _a
_b
020 _a 8430605665
035 _a
040 _aBPMSU
_bspa
_cBPMSU
_e
041 1 _aspa
_h
080 _a
082 4 _a183.2
_bP558s
100 1 _aPhillips, Christopher
_d1959-
240 1 0 _aSix questions of Socrates
_lEspañol
245 1 0 _aSeis preguntas de Sócrates :
_h
_bun viaje por la filosofía del mundo /
_cChristopher Phillips ; traducción de Victoria E. Gordo del Rey
246 _a Un viaje por la filosofía del mundo.
260 _aSantafé de Bogotá :
_bTaurus,
_c2005
300 _a387 p.;
_c22 cm
490 1 _aPensamiento
500 _a
504 _aIncluye bibliografía e índice.
600 _aSÓCREATES,
_d470-399 a. de J. C.
_xCRÍTICA E INTERPRETACIÓN
650 7 _a FILOSFÍA SOCRÁTICA
_2
700 _a Gordo del Rey, Victoria E.
_etraductor
830 0 _aPensamiento (Taurus Ediciones)
942 _2ddc
_cBK
945 _aInventariado, 2017/MFF
956 _a VMATEO
_b10
_c20160805
_dBPMSU
_f0069
999 _c11098
_d11098